| 000 | 00724nam a22002177a 4500 | ||
|---|---|---|---|
| 005 | 20140422125652.0 | ||
| 010 | _aENG-109205 | ||
| 020 |
_c195.00 _a9780198097464 |
||
| 020 |
_c195.00 _a0198097468 |
||
| 035 | _aEN-92738 | ||
| 037 | _bDBAD/PUB | ||
| 082 | _aN | ||
| 100 | _aMiranda, Jhony | ||
| 245 |
_aJeevichirikkunnavarkku vendiyulla oppees =requiem for the living / _cby Johny Miranda; translated from Malayalam by Sajai Jose |
||
| 260 |
_bOxford University Press _c2013 _aNew Delhi |
||
| 270 |
_bNew Delhi _e110001 _aYMCA Library Building, 1 Jai Singh Road |
||
| 300 |
_axxxvii,90p. _c20cm(pbk) |
||
| 490 | _aOxford novellas ; edited by Mini Krishnan | ||
| 700 | _aJose, Sajai | ||
| 942 |
_2ddc _cEN _mMIR _hN |
||
| 999 |
_c82277 _d82277 |
||